| 000 | 00348nam a22001217a 4500 | ||
|---|---|---|---|
| 008 | 230623b xxu||||| |||| 00| 0 eng d | ||
| 082 |
_a330.967 _bKIM 1979 |
||
| 110 | _bEconomic Research Bureau | ||
| 245 | _aPapers on the Political Economy of Tanzania | ||
| 260 |
_aNairobi _bHeinemann Educational Books _c1979 |
||
| 300 | _aIX,294p | ||
| 942 |
_2ddc _cBK |
||
| 999 |
_c2513 _d2513 |
||